Most Streamed Beatles Songs on Spotify - Statistics

General Stats
  • This quiz has been taken 35 times
  • The average score is 12 of 22
Answer Stats
Hint Answer % Correct
716,362,184 Hey Jude
91%
887,750,392 Let It Be
85%
905,829,700 Come Together
79%
817,018,403 Yesterday
74%
386,663,339 Help
71%
1,727,699,516 Here Comes The Sun
71%
244,538,865 Lucy In The Sky With Diamonds
71%
640,184,247 Twist and Shout
68%
255,137,745 Strawberry Fields Forever
65%
287,142,511 Love Me Do
59%
449,703,022 Something
59%
265,187,352 A Hard Day's Night
56%
507,634,664 I Want To Hold Your Hand
53%
232,959,058 Get Back
47%
337,706,881 While My Guitar Gently Weeps
47%
571,801,518 In My Life
41%
265,602,248 Norwegian Wood
41%
632,528,162 Blackbird
38%
240,421,092 All You Need Is Love
35%
331,234,831 Ob-La-Di Ob-La-Da
32%
309,956,405 And I Love Her
29%
344,027,480 Eleanor Rigby
24%
No matching quizzes found
Score Distribution
Percent of People with Each Score
Percentile by Number Answered
Your Score History
You have not taken this quiz